Mediálne plánovanie
Pojem a analýza mediálneho plánovania. Mediálne ciele. Proces plánovania médií. Prieskumy v médiách.
Enregistré dans:
| Auteur principal: | |
|---|---|
| Format: | Chapitre de livre |
| Langue: | slovaque |
| Sujets: | |
| Tags: |
Pas de tags, Soyez le premier à ajouter un tag!
|
MARC
| LEADER | 00000naa$a2200000$$$4500 | ||
|---|---|---|---|
| 001 | 0087771 | ||
| 005 | 20231114115638.7 | ||
| 041 | 0 | |a slo | |
| 044 | |a SK | ||
| 245 | 1 | 0 | |a Mediálne plánovanie |c Peter Malec |
| 520 | |a Pojem a analýza mediálneho plánovania. Mediálne ciele. Proces plánovania médií. Prieskumy v médiách. | ||
| 610 | 2 | 0 | |a plánovanie |
| 610 | 2 | 0 | |a médiá |
| 610 | 2 | 0 | |a správa verejná |
| 610 | 2 | 0 | |a kampane reklamné |
| 610 | 2 | 0 | |a komunikácia manažérska |
| 100 | 1 | |a Malec, Peter | |